Излучательный и безызлучательный распад электронных возбуждений в кристаллах галогенидов цезия: авторефератдиссертации на соискание ученой степени кандидата физико-математических наук; Спец. 01.04.10

Bibliographic Details
Main Author: Гафиатулина Е. С. Елена Саугановна
Corporate Author: Томский политехнический университет
Other Authors: Лисицын В. М. Виктор Михайлович (научный руководитель), Яковлев В. Ю.
Summary:Защита сост. 06.11.98
Language:Russian
Published: Томск, [Б. и.], 1998
Subjects:
Format: Book
KOHA link:https://koha.lib.tpu.ru/cgi-bin/koha/opac-detail.pl?biblionumber=8430

MARC

LEADER 00000nam0a2200000 4500
001 8430
005 20231227104457.0
035 |a (RuTPU)RU\TPU\book\8478 
035 |a BOOK00008537 
090 |a 8430 
100 |a 20011209d1998 k y0rusy50 ca 
101 0 |a rus 
102 |a RU 
105 |a a dm 001zy 
200 1 |a Излучательный и безызлучательный распад электронных возбуждений в кристаллах галогенидов цезия  |e авторефератдиссертации на соискание ученой степени кандидата физико-математических наук  |e Спец. 01.04.10  |f Е. С. Гафиатулина  |g Томский политехнический университет ; науч. рук. В. М. Лисицын ; науч. рук. В. Ю. Яковлев 
210 |a Томск  |c [Б. и.]  |d 1998 
215 |a 22 с.  |c ил. 
300 |a Защита сост. 06.11.98 
320 |a Библиогр.: с. 21-22 (9 назв.) 
452 1 |0 (RuTPU)RU\TPU\book\57770  |t Излучательный и безызлучательный распад электронных возбуждений в кристаллах галогенидов цезия  |o Автореферат диссертации на соискание ученой степени кандидата технических наук:  |f Е. С. Гафиатулина  |g Томский политехнический университет; Науч. рук.: В. М. Лисицын; В. Ю. Яковлев  |c Томск  |d 1998  |a Гафиатулина, Елена Саугановна 
606 1 |a Кристаллы  |x Электронная структура  |2 stltpush  |3 (RuTPU)RU\TPU\subj\80307  |9 88032 
610 1 |a электронная структура 
610 1 |a твердые тела 
610 1 |a радиационные эффекты 
610 1 |a спектрометрия 
610 1 |a физика 
610 1 |a авторефераты диссертаций 
610 1 |a труды учёных ТПУ 
675 |a 548.7(04)  |v 3 
686 |a 01.04.10  |2 oksvnk 
700 1 |a Гафиатулина  |b Е. С.  |g Елена Саугановна 
702 1 |a Лисицын  |b В. М.  |c физик  |c профессор Томского политехнического университета, кандидат физико-математических наук  |f 1939-  |g Виктор Михайлович  |3 (RuTPU)RU\TPU\pers\10510  |4 727  |9 2237 
702 1 |a Яковлев  |b В. Ю.  |4 727 
712 0 2 |a Томский политехнический университет  |3 (RuTPU)RU\TPU\col\376 
801 0 |a RU  |b 63413507  |c 20011209  |g PSBO 
801 2 |a RU  |b 63413507  |c 20200928  |g PSBO 
942 |c BK